Géographie de la Palestine /

محفوظ في:

المؤلف الرئيسي: Abel, Félix Marie. 1878-1953 (مؤلف)

التنسيق: كتاب

اللغة: French

منشور في: Paris : Gabalda, 1938.

الطبعة: 2nd ed.

سلاسل: Études bibliques.

الموضوعات:

الوسوم: إضافة وسم

لا توجد وسوم, كن أول من يضع وسما على هذه التسجيلة!

رقم الطلب: DS107.3 .A13 1938 v.2

LEADER 00753nam a2200253M 4500
001 8532
003 OSt
005 20260223091245.0
008 130303s1938 fr a 000 0 fre d
035 |a ocm53638542 
040 |c ARCE Library 
050 4 |a DS107.3 .A13 1938 v.2 
100 1 |a Abel, Félix Marie.  |d 1878-1953,  |e author 
245 1 0 |a Géographie de la Palestine /  |c par F.-M. Abel. 
250 |a 2nd ed. 
264 1 |a Paris :  |b Gabalda,   |c 1938. 
300 |a volume <2> :   |b illustrations, cartes ;   |c 24 cm. 
490 0 |a Études bibliques. 
505 1 |a v. 2. Géographie politique. Les villes. 
651 0 |a Palestine  |x Description and travel. 
651 0 |a Palestine  |x Historical geography. 
901 |a reviewed 
942 |c BK  |2 lcc 
999 |c 4034  |d 4034